| 000 | 01380nam a22003257a 4500 | ||
|---|---|---|---|
| 003 | OSt | ||
| 005 | 20230608111205.0 | ||
| 008 | 221006b |||||||| |||| 00| 0 eng d | ||
| 040 | _cBiblioteca Lado V | ||
| 082 |
_a800 _bG984r |
||
| 100 |
_9849 _aGutierrez, Rafael _edirector |
||
| 245 | _aRevista de la Universidad de San Carlos de Guatemala/ | ||
| 260 |
_aImpreso en Litografía Llerena _c2006 _bGuatemala |
||
| 300 |
_c21.5x27cm _a85p. |
||
| 366 | _espa | ||
| 490 |
_a1 _v2006 |
||
| 505 |
_tDebate _aSevero Martinez Peláez y Carlos Guzman Bockler |
||
| 505 |
_tEnsayos _aLa sociedad civil: una reflexión teórica Cine, beneficencia y censura Tarde es temprano para nosotros La evolución del libro Curaduría, compromiso y redención social |
||
| 505 |
_tLetras _aPoemas Relato Relato |
||
| 505 |
_tArte _aEl universo de Francisco Tun |
||
| 505 |
_tComentarios _aEl trueno en la ciudad |
||
| 650 |
_2Tesauro de Arte & Arquitectura _aENSAYOS _9703 |
||
| 650 |
_2Tesauro de Arte & Arquitectura _aNARRATIVA _9702 |
||
| 650 |
_2Tesauro de Arte & Arquitectura _aDEBATE _9702 |
||
| 650 |
_2Tesauro de Arte & Arquitectura _aPOESIA |
||
| 650 |
_2Tesauro de Arte & Arquitectura _aARTE |
||
| 650 |
_2Tesauro de Arte & Arquitectura _aCULTURA |
||
| 700 |
_aNavarreta, Jose Antonio _eeditor |
||
| 942 |
_2ddc _c1 _h800 _iG984r _n0 |
||
| 999 |
_c3826 _d3826 |
||